ស្វែងរកសត្វល្អិតបង្រៃនិងសត្វមានប្រយោជន៍លើដំណាំបន្លែអំបូរស្ពៃនិងវិធានការគ្រប់គ្រងក្នុងលក្ខខណ្ឌប្រទេសកម្ពុជា (Record no. 17078)
[ view plain ]
| 000 -LEADER | |
|---|---|
| fixed length control field | 00591nam a22001217a 4500 |
| 040 ## - CATALOGING SOURCE | |
| Transcribing agency | ឃុន |
| 082 ## - DEWEY DECIMAL CLASSIFICATION NUMBER | |
| Classification number | 632 ឃុន 2017 c276 Or. |
| 100 ## - MAIN ENTRY--AUTHOR NAME | |
| Personal name | ឃុន គីមឃុយ |
| 245 ## - TITLE STATEMENT | |
| Title | ស្វែងរកសត្វល្អិតបង្រៃនិងសត្វមានប្រយោជន៍លើដំណាំបន្លែអំបូរស្ពៃនិងវិធានការគ្រប់គ្រងក្នុងលក្ខខណ្ឌប្រទេសកម្ពុជា |
| 260 ## - PUBLICATION, DISTRIBUTION, ETC. (IMPRINT) | |
| Place of publication | RUA |
| Name of publisher | ឃុន |
| Year of publication | 2017 |
| 300 ## - PHYSICAL DESCRIPTION | |
| Number of Pages | 167p; |
| 942 ## - ADDED ENTRY ELEMENTS (KOHA) | |
| Koha item type | សៀវភៅភាសាខ្មែរ |
| 952 ## - LOCATION AND ITEM INFORMATION (KOHA) | |
| Withdrawn status [LOCAL, KOHA] | 0 |
| 952 ## - LOCATION AND ITEM INFORMATION (KOHA) | |
| Withdrawn status [LOCAL, KOHA] | 0 |
| 952 ## - LOCATION AND ITEM INFORMATION (KOHA) | |
| Withdrawn status [LOCAL, KOHA] | 0 |
| 952 ## - LOCATION AND ITEM INFORMATION (KOHA) | |
| Withdrawn status [LOCAL, KOHA] | 0 |
| 952 ## - LOCATION AND ITEM INFORMATION (KOHA) | |
| Withdrawn status [LOCAL, KOHA] | 0 |
| 952 ## - LOCATION AND ITEM INFORMATION (KOHA) | |
| Withdrawn status [LOCAL, KOHA] | 0 |
| 952 ## - LOCATION AND ITEM INFORMATION (KOHA) | |
| Withdrawn status [LOCAL, KOHA] | 0 |
| 952 ## - LOCATION AND ITEM INFORMATION (KOHA) | |
| Withdrawn status [LOCAL, KOHA] | 0 |
| 952 ## - LOCATION AND ITEM INFORMATION (KOHA) | |
| Withdrawn status [LOCAL, KOHA] | 0 |
| 952 ## - LOCATION AND ITEM INFORMATION (KOHA) | |
| Withdrawn status [LOCAL, KOHA] | 0 |
| 952 ## - LOCATION AND ITEM INFORMATION (KOHA) | |
| Withdrawn status [LOCAL, KOHA] | 0 |
| 952 ## - LOCATION AND ITEM INFORMATION (KOHA) | |
| Withdrawn status [LOCAL, KOHA] | 0 |
| 952 ## - LOCATION AND ITEM INFORMATION (KOHA) | |
| Withdrawn status [LOCAL, KOHA] | 0 |
| 952 ## - LOCATION AND ITEM INFORMATION (KOHA) | |
| Withdrawn status [LOCAL, KOHA] | 0 |
| 952 ## - LOCATION AND ITEM INFORMATION (KOHA) | |
| Withdrawn status [LOCAL, KOHA] | 0 |
| 952 ## - LOCATION AND ITEM INFORMATION (KOHA) | |
| Withdrawn status [LOCAL, KOHA] | 0 |
| 952 ## - LOCATION AND ITEM INFORMATION (KOHA) | |
| Withdrawn status [LOCAL, KOHA] | 0 |
| 952 ## - LOCATION AND ITEM INFORMATION (KOHA) | |
| Withdrawn status [LOCAL, KOHA] | 0 |
| 952 ## - LOCATION AND ITEM INFORMATION (KOHA) | |
| Withdrawn status [LOCAL, KOHA] | 0 |
| 952 ## - LOCATION AND ITEM INFORMATION (KOHA) | |
| Withdrawn status [LOCAL, KOHA] | 0 |
| 952 ## - LOCATION AND ITEM INFORMATION (KOHA) | |
| Withdrawn status [LOCAL, KOHA] | 0 |
| 952 ## - LOCATION AND ITEM INFORMATION (KOHA) | |
| Withdrawn status [LOCAL, KOHA] | 0 |
| 952 ## - LOCATION AND ITEM INFORMATION (KOHA) | |
| Withdrawn status [LOCAL, KOHA] | 0 |
| 952 ## - LOCATION AND ITEM INFORMATION (KOHA) | |
| Withdrawn status [LOCAL, KOHA] | 0 |
| 952 ## - LOCATION AND ITEM INFORMATION (KOHA) | |
| Withdrawn status [LOCAL, KOHA] | 0 |
| 952 ## - LOCATION AND ITEM INFORMATION (KOHA) | |
| Withdrawn status [LOCAL, KOHA] | 0 |
| 952 ## - LOCATION AND ITEM INFORMATION (KOHA) | |
| Withdrawn status [LOCAL, KOHA] | 0 |
| 952 ## - LOCATION AND ITEM INFORMATION (KOHA) | |
| Withdrawn status [LOCAL, KOHA] | 0 |
| 952 ## - LOCATION AND ITEM INFORMATION (KOHA) | |
| Withdrawn status [LOCAL, KOHA] | 0 |
| 952 ## - LOCATION AND ITEM INFORMATION (KOHA) | |
| Withdrawn status [LOCAL, KOHA] | 0 |
| Permanent Location | Date acquired | Koha item type | Lost status | Shelving location | Barcode | Current Location | Full call number |
|---|---|---|---|---|---|---|---|
| Library Block C | 2018-07-25 | សៀវភៅភាសាខ្មែរ | C276 | A09691 | Library Block C | 632 ឃុន 2017 c276 Or. | |
| Library Block C | 2018-07-25 | សៀវភៅភាសាខ្មែរ | C276 | A10539 | Library Block C | 632 ឃុន 2017 c276 Or. | |
| Library Block C | 2018-07-25 | សៀវភៅភាសាខ្មែរ | C276 | A10841 | Library Block C | 632 ឃុន 2017 c276 Or. | |
| Library Block C | 2018-07-25 | សៀវភៅភាសាខ្មែរ | C276 | A10754 | Library Block C | 632 ឃុន 2017 c276 Or. | |
| Library Block C | 2018-07-25 | សៀវភៅភាសាខ្មែរ | C276 | A10883 | Library Block C | 632 ឃុន 2017 c276 Or. | |
| Library Block C | 2018-07-25 | សៀវភៅភាសាខ្មែរ | C276 | A10722 | Library Block C | 632 ឃុន 2017 c276 Or. | |
| Library Block C | 2018-07-25 | សៀវភៅភាសាខ្មែរ | C276 | A10808 | Library Block C | 632 ឃុន 2017 c276 Or. | |
| Library Block C | 2018-07-25 | សៀវភៅភាសាខ្មែរ | C276 | A10394 | Library Block C | 632 ឃុន 2017 c276 Or. | |
| Library Block C | 2018-07-25 | សៀវភៅភាសាខ្មែរ | C276 | A10795 | Library Block C | 632 ឃុន 2017 c276 Or. | |
| Library Block C | 2018-07-25 | សៀវភៅភាសាខ្មែរ | C276 | A10790 | Library Block C | 632 ឃុន 2017 c276 Or. | |
| Library Block C | 2018-07-25 | សៀវភៅភាសាខ្មែរ | C276 | A10840 | Library Block C | 632 ឃុន 2017 c276 Or. | |
| Library Block C | 2018-07-25 | សៀវភៅភាសាខ្មែរ | C276 | A10940 | Library Block C | 632 ឃុន 2017 c276 Or. | |
| Library Block C | 2018-07-25 | សៀវភៅភាសាខ្មែរ | C276 | A10870 | Library Block C | 632 ឃុន 2017 c276 Or. | |
| Library Block C | 2018-07-25 | សៀវភៅភាសាខ្មែរ | C276 | A10682 | Library Block C | 632 ឃុន 2017 c276 Or. | |
| Library Block C | 2018-07-25 | សៀវភៅភាសាខ្មែរ | C276 | A10766 | Library Block C | 632 ឃុន 2017 c276 Or. | |
| Library Block C | 2018-07-25 | សៀវភៅភាសាខ្មែរ | C276 | A10880 | Library Block C | 632 ឃុន 2017 c276 Or. | |
| Library Block C | 2018-07-25 | សៀវភៅភាសាខ្មែរ | C276 | A10616 | Library Block C | 632 ឃុន 2017 c276 Or. | |
| Library Block C | 2018-07-25 | សៀវភៅភាសាខ្មែរ | C276 | A09692 | Library Block C | 632 ឃុន 2017 c276 Or. | |
| Library Block C | 2018-07-25 | សៀវភៅភាសាខ្មែរ | C276 | A10797 | Library Block C | 632 ឃុន 2017 c276 Or. | |
| Library Block C | 2018-07-25 | សៀវភៅភាសាខ្មែរ | C276 | A10872 | Library Block C | 632 ឃុន 2017 c276 Or. | |
| Library Block C | 2018-07-25 | សៀវភៅភាសាខ្មែរ | C276 | A10947 | Library Block C | 632 ឃុន 2017 c276 Or. | |
| Library Block C | 2018-07-25 | សៀវភៅភាសាខ្មែរ | C276 | A10962 | Library Block C | 632 ឃុន 2017 c276 Or. | |
| Library Block C | 2018-07-25 | សៀវភៅភាសាខ្មែរ | C276 | A10953 | Library Block C | 632 ឃុន 2017 c276 Or. | |
| Library Block C | 2018-07-25 | សៀវភៅភាសាខ្មែរ | C276 | A10397 | Library Block C | 632 ឃុន 2017 c276 Or. | |
| Library Block C | 2018-07-25 | សៀវភៅភាសាខ្មែរ | C276 | A09768 | Library Block C | 632 ឃុន 2017 c276 Or. | |
| Library Block C | 2018-07-25 | សៀវភៅភាសាខ្មែរ | C276 | A33799 | Library Block C | 632 ឃុន 2017 c276 Or. | |
| Library Block C | 2018-07-25 | សៀវភៅភាសាខ្មែរ | C276 | A10865 | Library Block C | 632 ឃុន 2017 c276 Or. | |
| Library Block C | 2018-07-25 | សៀវភៅភាសាខ្មែរ | C276 | A10757 | Library Block C | 632 ឃុន 2017 c276 Or. | |
| Library Block C | 2018-07-25 | សៀវភៅភាសាខ្មែរ | C276 | A10715 | Library Block C | 632 ឃុន 2017 c276 Or. | |
| Library Block C | 2023-01-13 | សៀវភៅភាសាខ្មែរ | C276 | a071188 | Library Block C | 632 ឃុន 2017 c276 Or. |